000 01224nam a2200325 a 4500
001 ebr10076760
003 CaPaEBR
006 m u
007 cr cn|||||||||
008 000627s2000 enka sb 001 0 eng
020 _z9781412932141
020 _z0761965769
040 _aCaPaEBR
_cCaPaEBR
035 _a(OCoLC)70758468
050 1 4 _aRC537
_b.G529 2000eb
082 0 4 _a616.85/270651
_221
100 1 _aGilbert, Paul.
245 1 0 _aCounselling for depression
_h[electronic resource] /
_cPaul Gilbert.
250 _a2nd ed.
260 _aLondon ;
_aThousand Oaks :
_bSage Publications,
_c2000.
300 _ax, 228 p. :
_bill.
490 1 _aCounselling in practice
504 _aIncludes bibliographical references (p. [214]-224) and index.
533 _aElectronic reproduction.
_bPalo Alto, Calif. :
_cebrary,
_d2013.
_nAvailable via World Wide Web.
_nAccess may be limited to ebrary affiliated libraries.
650 0 _aDepressed persons
_xCounseling of.
655 7 _aElectronic books.
_2local
710 2 _aebrary, Inc.
830 0 _aCounselling in practice.
856 4 0 _uhttp://site.ebrary.com/lib/rucke/Doc?id=10076760
_zAn electronic book accessible through the World Wide Web; click to view
999 _c73999
_d73999